000 00415nam a2200181Ia 4500
001 566
005 20260306140527.0
008 260306t2007||||xx |||||||||||||| ||spa||
041 _aESP
082 _a128
_bC88
100 _aCrespo Güemes, Emilio
_eAUT
245 0 _aEl banquete, de Platón
260 _c2007
300 _a191 páginas :
_c22 cm.
650 _aGEN
654 _aCHU
942 _cLIB
_dJUS
_fJUS
_2ddc
_n
999 _c566
_d566